000 01084cam a22003493a 4500
001 8223
003 PGUSA
005 20140828083154.0
008 050601s2005||||xxu|||||s|||||000 1 eng d
040 _aPGUSA
_beng
042 _adc
050 4 _aPS
100 1 _aBrown, Charles Brockden,
_d1771-1810
245 1 0 _aEdgar Huntly; or, Memoirs of a Sleep-Walker
_h[electronic resource] /
_cCharles Brockden Brown
260 _bProject Gutenberg,
_c2005
506 _aPublic domain in the USA.
516 _aElectronic text
653 _aEpistolary fiction
653 _aSleepwalking -- Fiction
653 _aPsychological fiction
653 _aDementia -- Fiction
653 _aPhiladelphia (Pa.) -- History -- 18th century -- Fiction
653 _aYoung men -- Fiction
653 _aMurder -- Investigation -- Fiction
653 _aWilderness areas -- Fiction
653 _aDelaware Indians -- Fiction
653 _aHorror tales
740 0 _aEdgar Huntley
830 0 _aProject Gutenberg
_v8223
856 4 0 _uhttp://www.gutenberg.org/ebooks/8223
942 _cEB
999 _c237523
_d237523